00497nam a2200145Ia 4500008004100000041000800041082001200049100001900061245004500080260005400125300003000179365000900209999001500218952011800233240624s9999 xx 000 0 und d aeng a658 WEI aWEIHRICH HEINZ aMANAGEMENT EXCELLENCE PRODUCTIVITY THROU c1987aNew YorkbMcGraw-Hill International Edition axx, : 252 : p. : cm. ; 21 cb40 c8983d8983 00104070aIMTNbIMTNcRack 21-Bd2008-05-28eAPg6.50o658 WEIp8983r2024-06-24 00:00:00t42.3w2024-06-24yBK